| 000 | 00513nam a22001817a 4500 | ||
|---|---|---|---|
| 999 |
_c27130 _d27130 |
||
| 003 | BDDh-ASL | ||
| 005 | 20231015030728.0 | ||
| 008 | 211025s1956 p ||||| |||| 00| 0 u d | ||
| 040 |
_aBDDh-ASL _cBDDh-ASL |
||
| 082 |
_a297 _bALR |
||
| 100 | 1 |
_95408 _aAllahabadi, Fakhir Zair |
|
| 245 | 1 | 0 | _aRisala Najatiya : / رسالہ نجاتيہ |
| 260 |
_aLahore : _bJamiat-e Ahle Hadith , _c1956. |
||
| 300 |
_a56 p. : _c22 cm. |
||
| 650 | 0 |
_95365 _aIslamic Creed |
|
| 650 | 0 |
_95409 _aSalafism |
|
| 942 |
_2ddc _cBK |
||